01436nam a2200325 i 4500003000900000005001700009007000300026008004100029020001800070040003000088082001300118100004500131245008200176264003700258300002600295336002700321337003300348338002800381500003900409500006300448504003300511590002700544710009500571910001400666942001400680952012900694952013500823952013500958999001701093DO-SdBNP20240610111241.0ta240610t2023 dr 000 0 spa d a9789945623154 aDO-SdBNPbspacBNPHUerda bG216222 aGarcía, Carlos Alexandereautor98561413aEl uso político del derecho penal del enemigo /cCarlos Alexander García  1aSanto Domingo :bINESDYC,c2023. a130 páginasc23 cm. 2rdacontentatextobtxt 2rdamediaasin mediaciónbn 2rdacarrieravolumenbnc aIncluye notas al pie de páginas. aIncluye datos biográficos del autor en la contraportada. aBibliografías : p. 119-130 aInventariado, 2024/ YL aInstituto de Educación Superior en Formación Diplomática y Consular (INESDYC)984530 aYlockward 2ddccLBS1 00102ddc51708PDaBNPHUbBNPHUcCTd2024-02-12eDeposito Legall0oBNPHU PD G216p2024-3291r2024-06-10w2024-06-10yLBS1 00102ddc51708PDaBNPHUbBNPHUcCTd2024-02-12eDeposito Legall0oBNPHU PD G216p2024-3292r2024-06-10te. 2w2024-06-10yLBS1 00102ddc56708DSaBNPHUbBNPHUcCTd2024-02-12eDeposito Legall0oBNPHU DS G216p2024-3293r2024-06-10te. 3w2024-06-10yLBS1 c56794d56794